<?xml version="1.0" encoding="UTF-8"?><?xml-stylesheet type="text/xsl" href="static/style.xsl"?><OAI-PMH xmlns="http://www.openarchives.org/OAI/2.0/" xmlns:xsi="http://www.w3.org/2001/XMLSchema-instance" xsi:schemaLocation="http://www.openarchives.org/OAI/2.0/ http://www.openarchives.org/OAI/2.0/OAI-PMH.xsd"><responseDate>2026-06-29T01:17:41Z</responseDate><request verb="GetRecord" identifier="oai:docta.ucm.es:20.500.14352/123275" metadataPrefix="marc">https://docta.ucm.es/rest/oai/request</request><GetRecord><record><header><identifier>oai:docta.ucm.es:20.500.14352/123275</identifier><datestamp>2025-08-20T23:47:24Z</datestamp><setSpec>com_20.500.14352_14</setSpec><setSpec>col_20.500.14352_15</setSpec></header><metadata><record xmlns="http://www.loc.gov/MARC21/slim" xmlns:dcterms="http://purl.org/dc/terms/" xmlns:xsi="http://www.w3.org/2001/XMLSchema-instance" xmlns:doc="http://www.lyncode.com/xoai" xsi:schemaLocation="http://www.loc.gov/MARC21/slim http://www.loc.gov/standards/marcxml/schema/MARC21slim.xsd">
   <leader>00925njm 22002777a 4500</leader>
   <datafield ind2=" " ind1=" " tag="042">
      <subfield code="a">dc</subfield>
   </datafield>
   <datafield ind2=" " ind1=" " tag="720">
      <subfield code="a">Montañez Pico, Daniel</subfield>
      <subfield code="e">author</subfield>
   </datafield>
   <datafield ind2=" " ind1=" " tag="260">
      <subfield code="c">2016-01-12</subfield>
   </datafield>
   <datafield ind2=" " ind1=" " tag="520">
      <subfield code="a">El  mito  que  presenta  a  los  tlaxcaltecas  como  traidores  oscurece  un  aspecto  fundamental  de  su  historia  colonial:  se  trató  de  uno  de  los  pueblos  indígenas  que mejor supieron aprender y utilizar en su favor los códigos sociales y lógicas jurídicas  y  políticas  de  los  conquistadores  castellanos.  Exploraremos  en  un  primer  lugar  cómo  los  tlaxcaltecas  participaron  en  la  construcción  de  su  imagen  como perfectos vasallos de la corona; en segundo lugar, su uso estratégico de las embajadas diplomáticas a Castilla y, en último lugar, aspectos relacionados con sus simbologías pictóricas. Todo ello bajo el horizonte de la astucia (Simón Rodríguez) y la antropofagia (Oswald de Andrade), como formas de supervivencia propias de nuestros pueblos.</subfield>
   </datafield>
   <datafield ind2=" " ind1=" " tag="520">
      <subfield code="a">The myth representing tlaxcaltecas as traitors obscures a fundamental aspect of its colonial history: It was one of the indigenous peoples who best knew how to learn and use in their favor social codes and legal and political logic of the Castilian conquerors. In a first explore how tlaxcaltecas participated in building its image as a “perfect vassals” of the Crown, secondly its strategic use of diplomatic embassies to Castile and, finally, issues related to their pictorial symbols. All subjects will be studied under the horizon of “cunning” (Simon Rodriguez) and “anthropophagy” (Oswald de Andrade) as forms of survival of our peoples.</subfield>
   </datafield>
   <datafield ind1="8" ind2=" " tag="024">
      <subfield code="a">Montañez Pico, D. (2016). Minoría modelo: Astucia antropófaga de tlaxcaltecas en la Nueva España. Diálogos: Revista electrónica de historia, 17(2). https://doi.org/10.15517/DRE.V17I2.21634</subfield>
   </datafield>
   <datafield ind1="8" ind2=" " tag="024">
      <subfield code="a">10.15517/DRE.V17I2.21634</subfield>
   </datafield>
   <datafield ind1="8" ind2=" " tag="024">
      <subfield code="a">https://hdl.handle.net/20.500.14352/123275</subfield>
   </datafield>
   <datafield ind1="8" ind2=" " tag="024">
      <subfield code="a">1409-469X</subfield>
   </datafield>
   <datafield ind1="8" ind2=" " tag="024">
      <subfield code="a">https://doi.org/10.15517/DRE.V17I2.21634</subfield>
   </datafield>
   <datafield ind1="8" ind2=" " tag="024">
      <subfield code="a">https://produccioncientifica.ucm.es/documentos/634364f072ca0804099a07a9</subfield>
   </datafield>
   <datafield ind1="8" ind2=" " tag="024">
      <subfield code="a">https://dialnet.unirioja.es/servlet/articulo?codigo=5602920</subfield>
   </datafield>
   <datafield ind1="8" ind2=" " tag="024">
      <subfield code="a">https://archivo.revistas.ucr.ac.cr//index.php/dialogos/article/view/21634/25374</subfield>
   </datafield>
   <datafield ind2="0" ind1="0" tag="245">
      <subfield code="a">Minoría modelo: astucia antropófaga de tlaxcaltecas en Nueva España</subfield>
   </datafield>
</record></metadata></record></GetRecord></OAI-PMH>